000 00606nam a22001577a 4500
003 OSt
005 20160506095410.0
008 160506b xxu||||| |||| 00| 0 eng d
040 _cRUA
082 _aAGR KHE 2011 B470 Or.1
100 _98316
_aKHEM BORIN; ខឹម​ បូរិន
245 _aRice cropping system in tramkak district, takeo province; ប្រព័ន្ធដាំដុះដំណាំស្រុវក្នុងស្រុកត្រាំកក់ ខេត្តតាកែវ
260 _aRUA
_bPhnom Penh
_c2011
300 _axi;65p.
_bill.
_c29cm.
942 _2ddc
_cAGR
999 _c7968
_d7968